Innere Anatomie der Decapoda - Statistics

General Stats
  • This quiz has been taken 10 times
  • The average score is 8 of 11
Answer Stats
Picture Answer % Correct
11. Mundwerkzeuge
100%
3. Magen
100%
4. Herz
100%
5. Gonade
100%
6. Darm
100%
10. Maxillipenden
50%
1. Rostrum
50%
2. Gehirn
50%
8. Bauchmark
50%
9. Chela
50%
7. Hämolymphgefässsystem
0%
No matching quizzes found
Score Distribution
Percent of People with Each Score
Percentile by Number Answered
Your Score History
You have not taken this quiz